Algunas consideraciones sobre el derecho de receso (Registro nro. 27540)
[ vista simple ]
| 000 -LEADER | |
|---|---|
| fixed length control field | 00341 a2200109 4500 |
| 001 - CONTROL NUMBER | |
| control field | ART_18355 |
| 005 - DATE AND TIME OF LATEST TRANSACTION | |
| control field | 20260410161919.0 |
| 008 - FIXED-LENGTH DATA ELEMENTS--GENERAL INFORMATION | |
| fixed length control field | 260409a |
| 100 1# - MAIN ENTRY--PERSONAL NAME | |
| Personal name | Luchinsky, Rubén O. |
| 245 10 - TITLE STATEMENT | |
| Title | Algunas consideraciones sobre el derecho de receso |
| 773 0# - HOST ITEM ENTRY | |
| Title | La información |
| Related parts | - Tomo XXXIII, Nº 558 (jun. 1976) |
| Record control number | REV14902 |
No hay ítems disponibles.